[Event "20th European Teams Women"]
[Site "Reykjavik ISL"]
[Date "2015.11.17"]
[Round "5.11"]
[Board "1"]
[White "Blagojevic, Tijana"]
[Black "Pavlidou, Ekaterini"]
[Result "0-1"]
[WhiteTitle "WIM"]
[BlackTitle "WIM"]
[WhiteElo "2312"]
[BlackElo "2235"]
[WhiteTeam "Montenegro"]
[BlackTeam "Greece"]
[WhiteFideId "16500270"]
[BlackFideId "4213262"]
[EventDate "2015.11.13"]

1. e4 c5 2. Nf3 g6 3. d4 cxd4 4. Nxd4 Bg7 5. Nb3 Nc6 6. Be2 Nf6 7. Nc3 O-O 8.
O-O d6 9. Bg5 a6 10. f4 b5 11. Bf3 b4 12. Nd5 Nxd5 13. exd5 Na5 14. Re1 Re8 15.
Nxa5 Qxa5 16. Rb1 Bf5 17. Be4 Bd7 18. Qf3 Rac8 19. a3 bxa3 20. Qxa3 Qxa3 21.
bxa3 Bd4+ 22. Kh1 f6 23. Bh4 Bb5 24. a4 Bc4 25. Rb7 Bc3 26. Rd1 Be2 27. Rdb1 Rc4
28. R7b3 Bd2 29. Bd3 Bxd3 30. Rxd3 Bxf4 31. a5 Rxc2 32. Be1 Rec8 33. Rdb3 Rc1
34. Kg1 Bd2 0-1

[Event "20th European Teams Women"]
[Site "Reykjavik ISL"]
[Date "2015.11.17"]
[Round "5.11"]
[Board "2"]
[White "Tsolakidou, Stavroula"]
[Black "Milovic, Aleksandra"]
[Result "1-0"]
[WhiteTitle "WIM"]
[BlackTitle "WIM"]
[WhiteElo "2268"]
[BlackElo "2202"]
[WhiteTeam "Greece"]
[BlackTeam "Montenegro"]
[WhiteFideId "4264312"]
[BlackFideId "933988"]
[EventDate "2015.11.13"]

1. d4 Nf6 2. c4 Nc6 3. Nf3 e6 4. g3 Bb4+ 5. Nbd2 d6 6. Bg2 O-O 7. O-O Bxd2 8.
Bxd2 e5 9. dxe5 dxe5 10. Bc3 Qe7 11. Qc2 Re8 12. Rfd1 a5 13. h3 g6 14. b3 Bf5
15. Qb2 Ne4 16. Be1 a4 17. Nh4 a3 18. Nxf5 gxf5 19. Qc1 Nd4 20. Kf1 Ra6 21. e3
Ne6 22. Qc2 Kh8 23. Rd5 N6c5 24. Bb4 c6 25. Rdd1 Qe6 26. g4 Qe7 27. Bxc5 Nxc5
28. Qxf5 Raa8 29. b4 Na4 30. Rd7 Qe6 31. Qxe6 fxe6 32. Rxb7 Reb8 33. Bxc6 Rxb7
34. Bxb7 Rb8 35. Bc6 Nb2 36. b5 Nxc4 37. Rc1 Nd6 38. Rc3 Kg7 39. Rxa3 Kf6 40.
Rd3 Ke7 41. a4 e4 42. Rd4 1-0

[Event "20th European Teams Women"]
[Site "Reykjavik ISL"]
[Date "2015.11.17"]
[Round "5.11"]
[Board "3"]
[White "Stojanovic, Marija R"]
[Black "Markantonaki, Haritomeni"]
[Result "1/2-1/2"]
[WhiteTitle "WIM"]
[BlackTitle "WFM"]
[WhiteElo "2153"]
[BlackElo "2213"]
[WhiteTeam "Montenegro"]
[BlackTeam "Greece"]
[WhiteFideId "931411"]
[BlackFideId "4207050"]
[EventDate "2015.11.13"]

1. e4 e5 2. Nf3 Nc6 3. d4 exd4 4. Nxd4 Bb4+ 5. c3 Bc5 6. Be3 Bb6 7. Be2 Nge7 8.
O-O O-O 9. c4 d6 10. Nc3 f5 11. Nxf5 Nxf5 12. Bxb6 axb6 13. exf5 Bxf5 14. Bd3
Qg5 15. Bxf5 Rxf5 16. Nd5 Rf7 17. a3 Raf8 18. Rc1 Qh4 19. f4 Ne5 20. Qe2 Ng4 21.
g3 Qh3 22. Ne3 Nxe3 23. Qxe3 g5 24. Rf3 gxf4 25. gxf4 Rg7+ 26. Rg3 Qh6 27. Rf1
Qf6 28. Rf2 Rxg3+ 29. hxg3 Qf5 30. Kg2 b5 31. cxb5 Qxb5 32. Qe6+ Kg7 33. Rc2 Rf7
34. Qg4+ Kf8 35. Qc8+ Kg7 36. Qg4+ Kf8 37. Qc8+ Kg7 38. Qg4+ Kf8 39. Qc8+ Kg7 1/2-1/2

[Event "20th European Teams Women"]
[Site "Reykjavik ISL"]
[Date "2015.11.17"]
[Round "5.11"]
[Board "4"]
[White "Kouvatsou, Maria"]
[Black "Krpovic, Natasa"]
[Result "1/2-1/2"]
[WhiteTitle "WGM"]
[BlackTitle "WFM"]
[WhiteElo "2073"]
[BlackElo "2098"]
[WhiteTeam "Greece"]
[BlackTeam "Montenegro"]
[WhiteFideId "4203593"]
[BlackFideId "910791"]
[EventDate "2015.11.13"]

1. e4 e6 2. d4 d5 3. exd5 exd5 4. c4 Nf6 5. Nc3 Bb4 6. Bd3 O-O 7. Ne2 dxc4 8.
Bxc4 h6 9. O-O Nc6 10. Be3 Bd6 11. h3 Bf5 12. Ng3 Qd7 13. Nxf5 Qxf5 14. Bd3 Qd7
15. Qf3 Be7 16. Rad1 Nh7 17. Bf5 Qd8 18. d5 Ne5 19. Qe4 Ng6 20. Bxg6 fxg6 21.
Qxg6 Rf6 22. Qg4 Qf8 23. Rd3 Qf7 24. Ne4 Rg6 25. Qf4 Ng5 26. Nxg5 Bxg5 27. Qxf7+
Kxf7 28. Bxg5 hxg5 29. Rc1 c6 30. dxc6 bxc6 31. Rd7+ Ke8 32. Rcd1 Rb8 33. b3 a5
34. Ra7 Rb5 35. Rdd7 g4 36. Rdc7 Kd8 37. hxg4 Rxg4 38. Rxg7 Rxg7 39. Rxg7 a4 40.
bxa4 Rb1+ 41. Kh2 Rb2 42. a3 Rxf2 43. a5 Kc8 44. a6 Kb8 45. Rb7+ Ka8 46. Rc7 Rc2
47. Kg3 c5 48. Kf3 c4 49. g4 Rc1 50. g5 c3 51. Kg2 Rc2+ 52. Kf3 Rc1 53. Kg2 Rc2+
54. Kf3 Rc1 55. Kf2 Rc2+ 56. Ke3 Rg2 57. Kf4 c2 58. a7 Rf2+ 59. Ke5 Re2+ 60. Kf6
Rf2+ 61. Kg7 Rg2 62. Kg6 Rf2 63. Kg7 Rg2 64. Kf6 Rf2+ 65. Ke5 Rg2 66. Kf4 Rf2+
67. Kg3 Rd2 68. Kf4 Rf2+ 69. Ke4 Rg2 70. Kf5 Rf2+ 71. Ke6 Rg2 72. Kf6 Rf2+ 73.
Kg7 Rg2 74. Kg6 Rf2 75. a4 Rg2 76. Kf6 Rf2+ 77. Ke6 Rg2 78. Kf6 Rf2+ 79. Kg7 Rg2
80. g6 Rf2 81. Kg8 Rg2 82. g7 Rf2 83. Kh7 Rh2+ 84. Kg6 Rg2+ 85. Kf6 Rf2+ 86. Ke6
Rg2 87. Kf6 1/2-1/2

[Event "20th European Teams Women"]
[Site "Reykjavik ISL"]
[Date "2015.11.17"]
[Round "5.12"]
[Board "1"]
[White "Mueller-Seps, Monika"]
[Black "Daulyte, Deimante"]
[Result "0-1"]
[WhiteTitle "WGM"]
[BlackTitle "IM"]
[WhiteElo "2272"]
[BlackElo "2369"]
[WhiteTeam "Switzerland"]
[BlackTeam "Lithuania"]
[WhiteFideId "1308521"]
[BlackFideId "12802859"]
[EventDate "2015.11.13"]

1. d4 d5 2. Bf4 Nf6 3. e3 c5 4. c3 Nc6 5. Nd2 Bf5 6. Ngf3 Qb6 7. Nh4 Bd7 8. Qb3
c4 9. Qc2 h6 10. Nhf3 g6 11. e4 Nxe4 12. Nxe4 dxe4 13. Nd2 Bf5 14. Nxc4 Qd8 15.
Qb3 b6 16. Be5 Rh7 17. Bg3 Bg7 18. d5 Nb8 19. d6 e6 20. d7+ Kf8 21. Rd1 Na6 22.
Qa3+ Nc5 23. Nxb6 axb6 24. Qxa8 Qxa8 25. d8=Q+ Qxd8 26. Rxd8+ Ke7 27. Rb8 Na4
28. Rb7+ Kf6 29. Bd6 Rh8 30. Be7+ Ke5 31. Be2 Kd5 32. g4 Kc6 33. Ra7 Nxb2 34.
gxf5 Bxc3+ 35. Kf1 gxf5 36. Ra3 Bd4 37. Rb3 Kd5 38. Kg2 f4 39. Bb5 f3+ 40. Kh3
Rc8 41. Ba6 Rc2 42. Bb7+ Ke5 43. Rb5+ Bc5 44. Rf1 Nd3 45. Bd8 Kf4 46. Bh4 Nxf2+
47. Bxf2 Bxf2 48. a4 Bc5 49. a5 bxa5 50. Rxa5 Bd4 51. Ra4 Rc5 52. Rxf3+ Kxf3 53.
Ra3+ Rc3 54. Rxc3+ Bxc3 55. Kh4 Kf4 56. Kh5 Bg7 57. h4 e3 58. Bf3 0-1

[Event "20th European Teams Women"]
[Site "Reykjavik ISL"]
[Date "2015.11.17"]
[Round "5.12"]
[Board "2"]
[White "Zaksaite, Salomeja"]
[Black "Heinatz, Gundula"]
[Result "1/2-1/2"]
[WhiteTitle "WIM"]
[BlackTitle "WIM"]
[WhiteElo "2196"]
[BlackElo "2204"]
[WhiteTeam "Lithuania"]
[BlackTeam "Switzerland"]
[WhiteFideId "12801496"]
[BlackFideId "4612434"]
[EventDate "2015.11.13"]

1. e4 c5 2. Nf3 Nc6 3. Bb5 g6 4. O-O Bg7 5. Re1 Nf6 6. e5 Nd5 7. Nc3 Nc7 8. Bxc6
dxc6 9. Ne4 Ne6 10. d3 O-O 11. Be3 b6 12. Qd2 Nd4 13. Nxd4 cxd4 14. Bh6 Qd5 15.
Ng3 c5 16. Bxg7 Kxg7 17. Qg5 Qe6 18. Re4 h6 19. Qf4 Bb7 20. Re2 Rae8 21. b3 Qc6
22. f3 f5 23. exf6+ Rxf6 24. Qd2 Qd6 25. Rae1 e5 26. Nh1 Rf5 27. Nf2 Bc6 28. Ne4
Bxe4 29. Rxe4 g5 30. Qe2 Qf6 31. c3 dxc3 32. Qc2 Rd8 33. Qxc3 Rd4 34. a3 Qd6 35.
Rxd4 Qxd4+ 36. Qxd4 exd4 37. Re7+ Rf7 38. Rxf7+ Kxf7 39. Kf2 Kf6 40. a4 a6 41.
g3 Ke5 42. Ke2 Kd5 43. Kd2 Ke5 44. Kc2 h5 45. Kb2 h4 46. Ka3 hxg3 47. hxg3 Kd5
48. Kb2 b5 49. a5 Kd6 1/2-1/2

[Event "20th European Teams Women"]
[Site "Reykjavik ISL"]
[Date "2015.11.17"]
[Round "5.12"]
[Board "3"]
[White "De Seroux, Camille"]
[Black "Batyte, Daiva"]
[Result "1-0"]
[WhiteTitle "WFM"]
[BlackTitle "WFM"]
[WhiteElo "2053"]
[BlackElo "2147"]
[WhiteTeam "Switzerland"]
[BlackTeam "Lithuania"]
[WhiteFideId "1305620"]
[BlackFideId "12801860"]
[EventDate "2015.11.13"]

1. e4 e6 2. d4 d5 3. Nd2 Nf6 4. e5 Nfd7 5. Bd3 c5 6. c3 Nc6 7. Ne2 Qb6 8. Nf3
cxd4 9. cxd4 f6 10. exf6 Nxf6 11. O-O Bd6 12. Bf4 Bxf4 13. Nxf4 Bd7 14. Re1
O-O-O 15. Nxe6 Bxe6 16. Rxe6 Rhe8 17. Rxe8 Rxe8 18. Bf5+ Kb8 19. Qd2 Qc7 20. Re1
Rxe1+ 21. Nxe1 a6 22. h3 Qe7 23. Nf3 Ka7 24. a3 h6 25. b4 g5 26. Qc3 Qc7 27.
Qc5+ b6 28. Qf8 Ne4 29. Qc8 Qxc8 30. Bxc8 Nc3 31. Be6 Ne2+ 32. Kf1 Nexd4 33.
Bxd5 Nxf3 34. Bxf3 Nd4 35. Be4 Nb5 36. a4 Nc3 37. Bc2 b5 38. axb5 axb5 39. Bb3
Kb6 40. g3 Kc6 41. Kg2 Kd6 42. Kf3 Ke5 43. Ke3 h5 44. f3 h4 45. gxh4 gxh4 46.
Kd3 Nb1 47. Kc2 Na3+ 48. Kb2 Nc4+ 49. Bxc4 bxc4 50. b5 Kf4 51. b6 Kxf3 52. b7
Kg3 53. b8=Q+ Kxh3 54. Qf4 1-0

[Event "20th European Teams Women"]
[Site "Reykjavik ISL"]
[Date "2015.11.17"]
[Round "5.12"]
[Board "4"]
[White "Zykiene, Rita"]
[Black "Georgescu, Lena"]
[Result "0-1"]
[WhiteElo "1913"]
[BlackElo "2014"]
[WhiteTeam "Lithuania"]
[BlackTeam "Switzerland"]
[WhiteFideId "12801348"]
[BlackFideId "1331973"]
[EventDate "2015.11.13"]

1. d4 Nf6 2. c4 g6 3. Nc3 Bg7 4. e4 d6 5. Be2 O-O 6. Nf3 Nbd7 7. O-O e5 8. Bg5
h6 9. Bxf6 Bxf6 10. d5 Bg7 11. b4 f5 12. Rc1 Nf6 13. Nd2 f4 14. c5 g5 15. cxd6
cxd6 16. a3 g4 17. Nb5 Rf7 18. Qc2 Ne8 19. Rfe1 a6 20. Nc3 Nf6 21. Qd3 Nh5 22.
Nd1 f3 23. Bf1 Nf4 24. Qe3 fxg2 25. Bxg2 Bf6 26. Rc2 Bg5 27. Qg3 Bd7 28. Nf1 Ba4
29. Rb2 Bh4 30. Qe3 Rc8 31. Ng3 Bg5 32. Qa7 Ra8 0-1

[Event "20th European Teams Women"]
[Site "Reykjavik ISL"]
[Date "2015.11.17"]
[Round "5.13"]
[Board "2"]
[White "Bengtsson, Jessica"]
[Black "Chevannes, Sabrina L"]
[Result "1/2-1/2"]
[BlackTitle "WIM"]
[WhiteElo "2040"]
[BlackElo "2106"]
[WhiteTeam "Sweden"]
[BlackTeam "England"]
[WhiteFideId "1711083"]
[BlackFideId "411280"]
[EventDate "2015.11.13"]

1. e4 c6 2. d4 d5 3. Nc3 dxe4 4. Nxe4 Nd7 5. Bc4 Ngf6 6. Ng5 e6 7. Qe2 Nb6 8.
Bd3 h6 9. N5f3 c5 10. dxc5 Nbd7 11. Ne5 Nxe5 12. Qxe5 Nd7 13. Qd4 Nxc5 14. Qxd8+
Kxd8 15. Bc4 Bd6 16. Be3 Bd7 17. O-O-O Ke7 18. Nf3 Rac8 19. Nd4 Ne4 20. Bd3 Nf6
21. Nb5 Bc5 22. Bxc5+ Rxc5 23. Nc3 Ng4 24. Rd2 Ne5 25. Re1 Nxd3+ 26. Rxd3 Rhc8
27. Rd2 Bc6 28. g3 b5 29. Ne4 Rd5 30. Re3 b4 31. Rxd5 Bxd5 32. a3 f5 33. Nd2 a5
34. axb4 axb4 35. b3 Kf6 36. Kb2 e5 37. h4 g5 38. hxg5+ hxg5 39. c3 f4 40. gxf4
gxf4 41. Rd3 e4 42. Rxd5 bxc3+ 43. Kc2 cxd2+ 44. Kxd2 Ke6 45. Rb5 Rd8+ 46. Ke2
Rd5 47. Rb8 Ra5 48. b4 Ra2+ 49. Ke1 Kd5 50. Rf8 f3 51. Rb8 Rb2 52. b5 Kc5 53.
Re8 Re2+ 54. Kf1 Kxb5 55. Rc8 Kb4 56. Rb8+ Kc3 57. Rc8+ Kb2 58. Rb8+ Kc3 59.
Rc8+ Kd4 60. Rd8+ Ke5 61. Re8+ Kf6 62. Rf8+ Ke7 63. Rf4 Ke6 64. Rf8 Ra2 65. Re8+
Kf5 66. Rf8+ Kg6 67. Ke1 Ra1+ 68. Kd2 Rf1 69. Ke3 Re1+ 70. Kf4 Re2 71. Kg3 Kg7
72. Re8 Kf7 73. Re5 Kf6 74. Re8 Kf5 75. Rf8+ Ke5 76. Re8+ Kd4 77. Rd8+ Kc3 78.
Rc8+ Kd3 79. Rd8+ Kc2 80. Rd4 Kc1 81. Rc4+ Kd1 82. Ra4 Kc2 83. Rd4 Kc3 84. Rd8
Rd2 85. Re8 Kd3 86. Re7 Ra2 87. Re8 Ra4 88. Re7 Ke2 89. Rb7 Ra1 90. Rb2+ Kd3 91.
Rb3+ Kc4 92. Re3 Kd5 93. Kf4 Ra4 94. Re1 Rb4 95. Re3 Rc4 1/2-1/2

[Event "20th European Teams Women"]
[Site "Reykjavik ISL"]
[Date "2015.11.17"]
[Round "5.13"]
[Board "4"]
[White "Blazekovic, Nina"]
[Black "Bhatia, Kanwal K"]
[Result "0-1"]
[BlackTitle "WFM"]
[WhiteElo "1932"]
[BlackElo "2072"]
[WhiteTeam "Sweden"]
[BlackTeam "England"]
[WhiteFideId "1715984"]
[BlackFideId "407496"]
[EventDate "2015.11.13"]

1. e4 e5 2. Nf3 Nc6 3. d4 exd4 4. Nxd4 Bc5 5. Nb3 Bb6 6. Nc3 d6 7. Bd3 a5 8. O-O
Ne5 9. Nd5 Ba7 10. Be2 c6 11. Ne3 Nf6 12. f3 O-O 13. Kh1 Ng6 14. a4 Re8 15. Nf5
d5 16. Bd3 Qc7 17. Bg5 Nh5 18. Nbd4 Qe5 19. c3 h6 20. Bc1 c5 21. Ne2 Bxf5 22.
exf5 Nh4 23. f4 Qe7 24. Bb5 Qe4 25. Rf2 c4 26. Ng3 Nxg3+ 27. hxg3 Bxf2 28. gxh4
Qe1+ 29. Qxe1 Rxe1+ 30. Kh2 Be3 0-1

[Event "20th European Teams Women"]
[Site "Reykjavik ISL"]
[Date "2015.11.17"]
[Round "5.14"]
[Board "1"]
[White "Ptacnikova, Lenka"]
[Black "Sahl, Sheila Barth"]
[Result "1-0"]
[WhiteTitle "WGM"]
[BlackTitle "WIM"]
[WhiteElo "2189"]
[BlackElo "2190"]
[WhiteTeam "Iceland"]
[BlackTeam "Norway"]
[WhiteFideId "305650"]
[BlackFideId "1500953"]
[EventDate "2015.11.13"]

1. e4 c5 2. Nc3 a6 3. Nge2 b5 4. g3 Bb7 5. Bg2 e6 6. O-O Nf6 7. d3 d5 8. exd5
Nxd5 9. a4 Nxc3 10. Nxc3 Bxg2 11. Kxg2 b4 12. Qf3 Nd7 13. Ne4 Be7 14. Bf4 O-O
15. h4 h6 16. Rae1 e5 17. Bc1 f5 18. Nd2 Kh8 19. Nc4 Qc7 20. b3 f4 21. Bxf4 exf4
22. Rxe7 fxg3 23. Qg4 Qc6+ 24. f3 Qf6 25. Rxd7 Rae8 26. Kxg3 Re2 27. f4 Rfe8 28.
Ne5 Rxc2 29. Rf7 Rxe5 30. Rxf6 Re3+ 31. Rf3 Ree2 32. Rf8+ Kh7 33. Qf5+ 1-0

[Event "20th European Teams Women"]
[Site "Reykjavik ISL"]
[Date "2015.11.17"]
[Round "5.14"]
[Board "2"]
[White "Koskela, Niina"]
[Black "Kristinardottir, Elsa Maria"]
[Result "1-0"]
[WhiteTitle "WGM"]
[WhiteElo "2204"]
[BlackElo "1887"]
[WhiteTeam "Norway"]
[BlackTeam "Iceland"]
[WhiteFideId "500755"]
[BlackFideId "2300370"]
[EventDate "2015.11.13"]

1. e4 c6 2. d3 d5 3. Nd2 dxe4 4. dxe4 Nf6 5. Bc4 Bg4 6. Ngf3 e6 7. c3 Nbd7 8.
Qc2 Be7 9. O-O O-O 10. a4 Qc7 11. Re1 Rfd8 12. Bf1 Bh5 13. b3 a5 14. g3 h6 15.
Bg2 Bg6 16. Nc4 e5 17. Nh4 Bh7 18. Ne3 Nd5 19. Nhf5 Nxe3 20. Nxe7+ Kf8 21. Rxe3
Kxe7 22. Ba3+ c5 23. Qe2 Nf6 24. Qb5 b6 25. b4 Nd7 26. Bh3 Rac8 27. Rd1 axb4 28.
cxb4 Qc6 29. Qxc6 Rxc6 30. Red3 Rc7 31. bxc5 bxc5 32. Rxd7+ Rdxd7 33. Rxd7+ Rxd7
34. Bxc5+ Ke8 35. Bxd7+ Kxd7 36. Bf8 g5 37. Bxh6 g4 38. h3 Bxe4 39. hxg4 Bf3 40.
g5 Ke6 41. Kf1 Kf5 42. Ke1 Kg6 43. Kd2 f6 44. Ke3 Bc6 45. a5 fxg5 46. Bf8 g4 47.
Kd3 Kf5 48. Kc4 Ke6 49. Kc5 Ba8 50. Kb6 Kd7 51. Ka7 Bd5 52. Kb8 Bc4 53. Kb7 Bd5+
54. Kb6 Ba8 55. Bg7 e4 56. a6 Kc8 57. Be5 Bd5 58. Kc5 Bb3 59. Bf4 Ba2 60. Kc6 e3
61. a7 1-0

[Event "20th European Teams Women"]
[Site "Reykjavik ISL"]
[Date "2015.11.17"]
[Round "5.14"]
[Board "3"]
[White "Thorsteinsdottir, Gudlaug"]
[Black "Machlik, Monika"]
[Result "1-0"]
[WhiteTitle "WFM"]
[WhiteElo "2005"]
[BlackElo "2176"]
[WhiteTeam "Iceland"]
[BlackTeam "Norway"]
[WhiteFideId "2300753"]
[BlackFideId "1513621"]
[EventDate "2015.11.13"]

1. d4 Nf6 2. c4 e6 3. Nf3 Bb4+ 4. Nbd2 d6 5. g3 Nc6 6. Bg2 a5 7. O-O e5 8. d5
Ne7 9. Qc2 O-O 10. h3 Bc5 11. Ne1 Bf5 12. e4 Bd7 13. Nd3 b6 14. Nxc5 bxc5 15. f4
exf4 16. gxf4 Ng6 17. Nf3 Nh5 18. f5 Nh4 19. Kh2 Qe7 20. Nxh4 Qxh4 21. Qf2 Qxf2
22. Rxf2 Rfe8 23. Bd2 Ra6 24. Bc3 Nf6 25. Rg1 Kh8 26. Bf3 Rg8 27. Rfg2 Ne8 28.
h4 Ra8 29. Bh5 f6 30. Bf7 Rf8 31. Bxe8 Bxe8 32. Rxg7 Bh5 33. Rxc7 Bf3 34. Rgg7 1-0

[Event "20th European Teams Women"]
[Site "Reykjavik ISL"]
[Date "2015.11.17"]
[Round "5.14"]
[Board "4"]
[White "Reppen, Ellisiv"]
[Black "Hauksdottir, Hrund"]
[Result "0-1"]
[WhiteElo "2058"]
[BlackElo "1775"]
[WhiteTeam "Norway"]
[BlackTeam "Iceland"]
[WhiteFideId "1504959"]
[BlackFideId "2302608"]
[EventDate "2015.11.13"]

1. e4 e5 2. Nf3 Nc6 3. Bb5 a6 4. Ba4 Nf6 5. O-O b5 6. Bb3 Be7 7. Re1 O-O 8. c3
d5 9. exd5 Nxd5 10. Nxe5 Nxe5 11. Rxe5 c6 12. Bxd5 cxd5 13. Qf3 Bd6 14. Re1 Re8
15. Rf1 Re4 16. Qd1 Qh4 17. g3 Qh3 18. Qf3 Bg4 19. Qg2 Rae8 20. d3 Re1 21. Be3
Qxg2+ 22. Kxg2 Bh3+ 23. Kxh3 Rxf1 24. Kg2 Re1 25. d4 f5 26. h4 f4 27. gxf4 Re6
28. Bd2 Rd1 29. a4 bxa4 30. f5 Re2 31. Be3 Rxb2 32. Rxa4 Rdxb1 33. Rxa6 Rb6 34.
Ra8+ Kf7 35. Ra7+ Be7 36. Rd7 R1b5 37. Ra7 Rb7 38. Ra6 Bxh4 39. Kh3 Bf6 40. Rc6
h6 41. Bf4 Rb3 42. Kg4 Rb1 43. Rc5 Rg1+ 44. Kf3 Rd7 45. Rb5 h5 46. Rc5 h4 47.
Rc8 Rd8 48. Rc7+ Be7 49. Bh2 Rg5 50. Bf4 Rxf5 51. Kg4 g6 52. Rb7 h3 53. Be5 Rxe5
54. dxe5 h2 55. Rb1 Rh8 56. Rh1 Bc5 57. Kg3 Ke6 58. Kg2 Kxe5 59. Re1+ Kf4 60.
Kh1 Bxf2 61. Rf1 Kg3 62. c4 Re8 63. cxd5 Re1 64. Rxe1 Bxe1 65. d6 Ba5 66. d7 Kf3
67. Kxh2 g5 68. Kg1 g4 69. Kh1 g3 70. Kg1 Bb6+ 0-1

[Event "20th European Teams Women"]
[Site "Reykjavik ISL"]
[Date "2015.11.17"]
[Round "5.15"]
[Board "1"]
[White "Goossens, Hanne"]
[Black "Tuominen, Tanja"]
[Result "0-1"]
[WhiteTitle "WFM"]
[BlackTitle "WIM"]
[WhiteElo "2184"]
[BlackElo "2109"]
[WhiteTeam "Belgium"]
[BlackTeam "Finland"]
[WhiteFideId "200468"]
[BlackFideId "502340"]
[EventDate "2015.11.13"]

1. e4 c6 2. d4 d5 3. Nd2 dxe4 4. Nxe4 Bf5 5. Ng3 Bg6 6. h4 h6 7. Nf3 Nd7 8. h5
Bh7 9. Bd3 Bxd3 10. Qxd3 e6 11. Bd2 Ngf6 12. O-O-O Be7 13. Ne4 Nxe4 14. Qxe4 Nf6
15. Qd3 O-O 16. g4 Nxg4 17. Qe2 Nf6 18. Rhg1 Kh8 19. Ne5 Qd5 20. f3 Qxa2 21. c4
Ng8 22. Rg4 Bf6 23. Rdg1 Rad8 24. Bc3 Ne7 25. Kc2 b5 26. d5 cxd5 27. cxd5 Nxd5
28. Re4 Nxc3 29. Kxc3 Rc8+ 30. Kd2 Qxb2+ 31. Ke1 Rc1+ 32. Kf2 Rc2 33. Re1 Bxe5
34. Rxe5 Rfc8 0-1

[Event "20th European Teams Women"]
[Site "Reykjavik ISL"]
[Date "2015.11.17"]
[Round "5.15"]
[Board "2"]
[White "Puuska, Heini"]
[Black "Morozova, Iuliia"]
[Result "0-1"]
[WhiteTitle "WFM"]
[BlackTitle "WFM"]
[WhiteElo "1967"]
[BlackElo "1995"]
[WhiteTeam "Finland"]
[BlackTeam "Belgium"]
[WhiteFideId "502324"]
[BlackFideId "14104946"]
[EventDate "2015.11.13"]

1. d4 d5 2. c4 e6 3. Nc3 c5 4. cxd5 exd5 5. Nf3 Nc6 6. dxc5 d4 7. Na4 Bxc5 8.
Nxc5 Qa5+ 9. Bd2 Qxc5 10. Rc1 Qd6 11. Qc2 Nf6 12. e3 O-O 13. Be2 Re8 14. O-O Bg4
15. Rfd1 Qe7 16. h3 Bh5 17. Qc5 Rad8 18. Qxe7 Rxe7 19. g4 Bg6 20. Bb5 dxe3 21.
Bxe3 Rxd1+ 22. Rxd1 h6 23. Bxc6 bxc6 24. Rd6 Kh7 25. Bd4 Rb7 26. Nh4 Be4 27.
Bxf6 gxf6 28. Rxf6 Kg7 29. Rf4 Bb1 30. b4 Bxa2 31. Nf5+ Kh7 32. Kh2 Rd7 33. Kg3
Rd3+ 34. Kh4 Bd5 35. Ne3 Be6 36. Kh5 Rc3 37. Rf6 a5 38. Rxh6+ Kg7 39. bxa5 Rc5+
40. g5 Rxa5 41. Ng4 c5 42. Rf6 Ra3 43. Kh4 c4 44. Ne3 c3 45. Nf5+ Kh8 46. g6 c2
47. gxf7 Bxf7 48. Rc6 Ra4+ 49. Kg5 Rc4 50. Rh6+ Kg8 51. f4 0-1

[Event "20th European Teams Women"]
[Site "Reykjavik ISL"]
[Date "2015.11.17"]
[Round "5.15"]
[Board "3"]
[White "Barbier, Wiebke"]
[Black "Turunen, Tiina"]
[Result "1-0"]
[WhiteElo "1980"]
[BlackElo "1764"]
[WhiteTeam "Belgium"]
[BlackTeam "Finland"]
[WhiteFideId "207977"]
[BlackFideId "510947"]
[EventDate "2015.11.13"]

1. e4 c6 2. d3 d5 3. Nd2 d4 4. Ngf3 c5 5. c3 Nc6 6. Be2 e5 7. Nf1 g6 8. Ng3 Bg7
9. O-O Nge7 10. Bd2 O-O 11. c4 h6 12. Qc1 g5 13. a3 a5 14. h3 Ng6 15. Re1 Bf6
16. Rb1 Be7 17. Nh2 Nf4 18. Qd1 Kh7 19. Bf1 Rg8 20. Qf3 Be6 21. Nf5 Bf8 22. g3
Ng6 23. Bg2 f6 24. Kh1 Rc8 25. Ng4 Bg7 26. Kh2 Rc7 27. Rh1 Rf7 28. Kg1 Bxf5 29.
exf5 Nge7 30. h4 Nc8 31. hxg5 fxg5 32. f6 Bf8 33. Qf5+ Rg6 34. Be4 N8e7 35. fxe7
Rxf5 36. exd8=Q 1-0

[Event "20th European Teams Women"]
[Site "Reykjavik ISL"]
[Date "2015.11.17"]
[Round "5.15"]
[Board "4"]
[White "Kujasalo, Marjatta"]
[Black "Barbier, Astrid"]
[Result "0-1"]
[WhiteElo "1605"]
[BlackElo "1819"]
[WhiteTeam "Finland"]
[BlackTeam "Belgium"]
[WhiteFideId "507466"]
[BlackFideId "200395"]
[EventDate "2015.11.13"]

1. d4 Nf6 2. c4 e6 3. Nc3 Bb4 4. Qc2 c5 5. Nf3 Nc6 6. e3 d5 7. a3 Bxc3+ 8. Qxc3
dxc4 9. Bxc4 cxd4 10. exd4 Nd5 11. Bxd5 Qxd5 12. O-O O-O 13. Bf4 b6 14. Rad1 Bb7
15. Ne1 e5 16. Be3 Ba6 17. Nd3 exd4 18. Nb4 dxc3 19. Nxd5 Bxf1 20. Kxf1 cxb2 21.
Rb1 Rfd8 22. Nf4 Na5 23. Rxb2 Nc4 24. Rb3 Nxe3+ 25. Rxe3 Re8 26. Rc3 Rac8 27.
Rxc8 Rxc8 28. Nd5 Rc1+ 29. Ke2 Ra1 0-1

[Event "20th European Teams Women"]
[Site "Reykjavik ISL"]
[Date "2015.11.19"]
[Round "6.3"]
[Board "2"]
[White "L'Ami, Alina"]
[Black "Vojinovic, Jovana"]
[Result "0-1"]
[WhiteTitle "IM"]
[BlackTitle "WGM"]
[WhiteElo "2364"]
[BlackElo "2295"]
[WhiteTeam "Romania"]
[BlackTeam "Serbia"]
[WhiteFideId "1210246"]
[BlackFideId "937266"]
[EventDate "2015.11.13"]

1. d4 d6 2. c4 e5 3. Nf3 e4 4. Ng5 f5 5. Nc3 c6 6. g3 Be7 7. Nh3 Nf6 8. Bg2 Na6
9. O-O Nc7 10. d5 O-O 11. Nf4 g5 12. Nh3 h6 13. f3 exf3 14. exf3 c5 15. Nf2 Qe8
16. Re1 Qf7 17. a4 Bd7 18. Nd3 Rfe8 19. f4 Qg7 20. Ne5 dxe5 21. fxe5 Rad8 22.
exf6 Bxf6 23. Bd2 Bd4+ 24. Kh1 Rxe1+ 25. Qxe1 Ne8 26. Qf1 a6 27. Re1 Nd6 28. Qd3
Re8 29. Rxe8+ Bxe8 30. Be3 b6 31. Bxd4 Qxd4 32. Bf1 Qxd3 33. Bxd3 Kg7 34. Kg2
Kf6 35. b3 Ke5 36. Ne2 Bh5 37. Kf2 f4 38. gxf4+ gxf4 39. Nc1 Kd4 40. Be2 Ne4+
41. Kg2 Be8 42. Kf3 Ke5 43. Nd3+ Kf5 44. Nxf4 Nd2+ 45. Ke3 Nxb3 46. Ne6 Bxa4 47.
Nc7 Na5 48. Kd2 Ke5 49. Nxa6 Kd6 50. Kc3 Bd7 51. Nb8 Bh3 52. Bf3 Bf1 53. Nc6
Nxc4 54. Na7 Ne5 55. Be4 Ba6 56. Bg2 Kc7 57. Bh3 Kb8 58. Nc6+ Nxc6 59. dxc6 Kc7
60. Bg2 Bb5 0-1